|
|
|
|
| LEADER |
01857nam a2200385 a 4500 |
| 001 |
45823 |
| 003 |
BD-DhAAL |
| 005 |
20260520160601.0 |
| 008 |
260520t2009 nyua b 001 0 eng |
| 010 |
|
|
|a 2008021565
|
| 020 |
|
|
|a 9780801446894
|
| 035 |
|
|
|a 15298642
|
| 035 |
|
|
|a (OCoLC)228372152
|
| 040 |
|
|
|a DLC
|c DLC
|d BTCTA
|d BAKER
|d YDXCP
|d C#P
|d BWX
|d CDX
|d IXA
|d DLC
|d BD-DhAAL
|
| 043 |
|
|
|a ae-----
|
| 050 |
0 |
0 |
|a HG187.E18
|b G75 2009
|
| 082 |
0 |
0 |
|a 332.042095
|2 22
|
| 100 |
1 |
|
|a Grimes, William W.
|9 60922
|
| 245 |
1 |
0 |
|a Currency and contest in East Asia :
|b the great power politics of financial regionalism /
|c William W. Grimes.
|
| 246 |
|
3 |
|a Currency and contest in East Asia
|
| 260 |
|
|
|a Ithaca :
|b Cornell University Press,
|c 2009.
|
| 300 |
|
|
|a xvi, 248 pags :
|b illustrations ;
|c 24 cm
|
| 490 |
1 |
|
|a Cornell studies in money
|
| 500 |
|
|
|a First published 2009
|
| 504 |
|
|
|a Includes bibliographical references (p. [219]-238) and index.
|
| 526 |
8 |
|
|a AAL
|
| 541 |
|
|
|a Donated by Embassy of Japan in Bangladesh, Read Japan Project 2025, The Tokyo Foundation, supported by The Nippon Foundation.
|e 45823
|
| 650 |
|
0 |
|a Finance
|z East Asia.
|9 7793
|
| 650 |
|
0 |
|a Regionalism
|z East Asia.
|9 60923
|
| 651 |
|
0 |
|a East Asia
|x Foreign economic relations.
|9 60924
|
| 830 |
|
0 |
|a Cornell studies in money.
|9 13422
|
| 852 |
1 |
|
|a Ayesha Abed Library
|c General Stacks
|
| 942 |
|
|
|2 ddc
|c BK
|
| 999 |
|
|
|c 47997
|d 47997
|
| 952 |
|
|
|0 0
|1 0
|2 ddc
|4 0
|6 332_042095000000000_GRI
|7 0
|9 79244
|a BRACUL
|b BRACUL
|d 2026-05-20
|e Donated by Embassy of Japan in Bangladesh, Read Japan Project 2025, The Tokyo Foundation, supported by The Nippon Foundation.
|l 0
|o 332.042095 GRI
|p 3010045823
|r 2026-05-20
|t 1
|w 2026-05-20
|y BK
|x Donated copy received from Embassy of Japan in Bangladesh, Read Japan Project 2025, The Tokyo Foundation, supported by The Nippon Foundation on 08 April 2026; $44.47 Amazon.com
|